Profitability of the food industry in Poland - an ordered logit model approach

Diverzita štruktúry a úroveň ziskovosti v poľskom potravinárskom priemysle.

Salvato in:
Dettagli Bibliografici
Autore principale: Goliaś, Zbigniew
Altri autori: Kurzawa, Izabela
Natura: Capitolo di libro
Lingua:inglese
Soggetti:
Tags: Aggiungi Tag
Nessun Tag, puoi essere il primo ad aggiungerne!!

MARC

LEADER 00000naa a2200000 4500
001 0226420
005 20220719115242.5
041 0 |a eng 
044 |a CZ 
245 1 0 |a Profitability of the food industry in Poland - an ordered logit model approach  |c Zbigniew Goliaś, Izabela Kurzawa 
520 |a Diverzita štruktúry a úroveň ziskovosti v poľskom potravinárskom priemysle. 
610 2 0 |a analýza regresná 
610 2 0 |a Poľsko 
610 2 0 |a zisk 
610 2 0 |a diverzita 
610 2 0 |a priemysel potravinársky 
100 1 |a Goliaś, Zbigniew 
700 1 |a Kurzawa, Izabela